100 Best Movie Quotes - Statistics

General Stats
  • This quiz has been taken 445 times
    394 since last reset
  • The average score is 42 of 99
Answer Stats
Quote Movie % Correct
"E.T. phone home." E.T.
92%
"May the Force be with you." Star Wars
92%
"Toto, I've got a feeling we're not in Kansas anymore." The Wizard of Oz
85%
"There's no place like home." The Wizard of Oz
85%
"I'll get you, my pretty, and your little dog too!" The Wizard of Oz
85%
"I'm going to make him an offer he can't refuse." The Godfather
83%
"Mama always said life was like a box of chocolates. You never know what you're gonna get." Forrest Gump
79%
"Here's looking at you, kid." Casablanca
75%
"Louis, I think this is the beginning of a beautiful friendship." Casablanca
75%
"Play it, Sam. Play 'As Time Goes By.'" Casablanca
75%
"Round up the usual suspects." Casablanca
75%
"We'll always have Paris." Casablanca
75%
"Of all the gin joints in all the towns in all the world, she walks into mine." Casablanca
75%
"Frankly, my dear, I don't give a damn" Gone With the Wind
75%
"After all, tomorrow is another day!" Gone With the Wind
75%
"As God is my witness, I'll never be hungry again." Gone With the Wind
75%
"I'm the king of the world!" Titanic
73%
"You're gonna need a bigger boat." Jaws
71%
"You talkin' to me?" Taxi Driver
71%
"Houston, we have a problem." Apollo 13
69%
"Here's Johnny!" The Shining
68%
"My precious." The Lord of the Rings: The Two Towers
67%
"A census taker once tried to test me. I ate his liver with some fava beans and a nice Chianti." The Silence of the Lambs
66%
"Yo, Adrian!" Rocky
64%
"Elementary, my dear Watson." The Adventures of Sherlock Holmes
64%
"I see dead people." The Sixth Sense
64%
"It's alive! It's alive!" Frankenstein
63%
"You had me at 'hello.'" Jerry Maguire
60%
"I'll be back." The Terminator
59%
"You've got to ask yourself one question: 'Do I feel lucky?' Well, do ya, punk?" Dirty Harry
58%
"I love the smell of napalm in the morning." Apocalypse Now
57%
"Nobody puts Baby in a corner." Dirty Dancing
57%
"Say 'hello' to my little friend!" Scarface
57%
"Plastics." The Graduate
57%
"Mrs. Robinson, you're trying to seduce me. Aren't you?" The Graduate
57%
"Oh, no, it wasn't the airplanes. It was Beauty killed the Beast." King Kong
56%
"Rosebud." Citizen Kane
54%
"Bond. James Bond." Dr. No.
53%
"If you build it, he will come." Field of Dreams
53%
"A boy's best friend is his mother." Psycho
53%
"You can't handle the truth!" A Few Good Men
52%
"Hasta la vista, baby." Terminator 2: Judgement Day
52%
"I'll have what she's having." When Harry Met Sally...
52%
Striker: "Surely you can't be serious." Rumack: "I am serious...and don't call me Shirley." Airplane!
49%
"Get your stinking paws off me, you damned dirty ape." Planet of the Apes
49%
"Stella! Hey, Stella!" A Streetcar Named Desire
47%
"I have always depended on the kindness of strangers." A Streetcar Named Desire
47%
"Forget it, Jake, it's Chinatown." Chinatown
47%
"A martini. Shaken, not stirred." Goldfinger
47%
"Show me the money!" Jerry Maguire
47%
"I feel the need—the need for speed!" Top Gun
47%
"Open the pod bay doors please, HAL." 2001: A Space Odyssey
46%
"Greed, for lack of a better word, is good." Wall Street
43%
"There's no crying in baseball!" A League of Their Own
41%
"You don't understand! I coulda had class. I coulda been a contender. I could've been somebody, instead of a bum, which is what I am." On the Waterfront
40%
"Toga! Toga!" National Lampoon's Animal House
39%
"Keep your friends close, but your enemies closer." The Godfather Part II
37%
"Carpe diem. Seize the day, boys. Make your lives extraordinary." Dead Poets Society
36%
"They're here!" Poltergeist
36%
"Love means never having to say you're sorry." Love Story
34%
"Shane. Shane. Come back!" Shane
34%
"Soylent Green is people!" Soylent Green
34%
"Gentlemen, you can't fight in here! This is the War Room!" Dr. Strangelove or: How I Learned to Stop Worrying and Love the Bomb
33%
"We rob banks." Bonnie & Clyde
32%
"What we've got here is failure to communicate." Cool Hand Luke
32%
"All right, Mr. DeMille, I'm ready for my close-up." Sunset Boulevard
31%
"I am big! It's the pictures that got small." Sunset Boulevard
31%
"Cinderella story. Outta nowhere. A former greenskeeper, now, about to become the Masters champion. It looks like a mirac...It's in the hole! It's in the hole! It's in the hole!" Caddyshack
25%
"They call me Mister Tibbs!" In the Heat of the Night
25%
"I'm walking here! I'm walking here!" Midnight Cowboy
25%
"Well, nobody's perfect." Some Like it Hot
24%
"Listen to them. Children of the night. What music they make." Dracula
23%
"Fasten your seatbelts. It's going to be a bumpy night." All About Eve
19%
"Go ahead, make my day." Sudden Impact
19%
"Attica! Attica!" Dog Day Afternoon
17%
"La-dee-da, la-dee-da." Annie Hall
15%
"No wire hangers, ever!" Mommie Dearest
15%
"Snap out of it!" Moonstruck
14%
"The stuff that dreams are made of." The Maltese Falcon
14%
"Today, I consider myself the luckiest man on the face of the earth." The Pride of the Yankees
14%
"Badges? We ain't got no badges! We don't need no badges! I don't have to show you any stinking badges!" The Treasure of the Sierra Madre
13%
"Tell 'em to go out there with all they got and win just one for the Gipper." Knute Rockne, All American
12%
"Made it, Ma! Top of the world!" White Heat
12%
"One morning I shot an elephant in my pajamas. How he got in my pajamas, I don't know." Animal Crackers
11%
"Is it safe?" Marathon Man
10%
"Wait a minute, wait a minute. You ain't heard nothin' yet!" The Jazz Singer
10%
"I want to be alone." Grand Hotel
8%
"Listen to me, mister. You're my knight in shining armor. Don't you forget it. You're going to get back on that horse, and I'm going to be right behind you, holding on tight, and away we're gonna go, go, go!" On Golden Pond
8%
"You know how to whistle, don't you, Steve? You just put your lips together and blow." To Have and Have Not
8%
"My mother thanks you. My father thanks you. My sister thanks you. And I thank you." Yankee Doodle Dandy
8%
"Hello, gorgeous." Funny Girl
7%
"Oh, Jerry, don't let's ask for the moon. We have the stars." Now, Voyager
7%
"Mother of mercy, is this the end of Rico? Little Caesar
6%
"Sawyer, you're going out a youngster, but you've got to come back a star!" 42nd Street
4%
"Why don't you come up sometime and see me?" She Done Him Wrong
4%
"Life is a banquet, and most poor suckers are starving to death!" Auntie Mame
3%
"What a dump." Beyond the Forest
3%
"Well, here's another nice mess you've gotten me into!" Sons of the Desert
3%
"Who's on first?" The Naughty Nineties
1%
No matching quizzes found
Score Distribution
Percent of People with Each Score
Percentile by Number Answered
Your Score History
You have not taken this quiz since the last reset